01638nam a2200289 a 4500001001000000005001700010008004100027041000800068044000700076050002700083100001100110245022100121260007400342300002200416500001800438500003200456500001900488500042000507500006800927500004700995500009501042506012601137700002001263700002501283700002201308700001801330BRCA_866420190320210348.0291116s1855----mx-a######---#000-0#spa-# aspa amx 4aF1215b.D43c1855-18571 aDecaen10aMéxico y sus alrededoresbcoleccion de monumentos, trajes y paisajescBajo la dirección de Decaen; dibujados al natural y litografiados por los artistas mexicanos C. Castro, J. Campillo, L. Auda, G. Rodríguez. aMéxicobEjecutado en el establecimiento Litog. de Decaenc1855-1856 a35 p.bil.c47 cm aFondo antiguo aSe encuentra en Caja Fuerte aW-22/B-95/R-32 aLos articulos descriptivos son de los señores: D. Marcos Arronis, D. José T. de Cuellar, D. Florencio M. del Castillo, D. Hilarion Fias y Soto, D. Francisco González Bocanegra, D. J. M. González, D. Luis Ortíz, D. Manuel Orozco y Berra, D. Manuel Payno, D. Anselmo de la Portilla, D. José Fernando Ramírez, D. Luis de la Rosa, D. Vicente Segura Argüelles, D. Francisco Zarco y D. Nicieto de Zamacois aIncluye 37 láminas a color y 1 plano de la Ciudad de México aEstado físico: ejemplar en hojas sueltas aNota de encuadernación: en tela sobre cartón, deteriorada desprendida del lomo y tapas0 aFondo reservado: para su consulta es necesario credencial de usuario y carta de motivosxDescripción y viajeszMéxico1 aCastro, C.eil.1 aRodríguez, G.eil.1 aCampillo, J.eil.1 aAuda, L.eil.